000 01170cam a2200217 4500
001 WB4025-04
008 040629n2004 000 0 eng u
035 _a(Sirsi) u126620
245 _aFuture of heritage protection unveiled
260 _c2004
490 _aDCMS News Release
_v(081/04) 28 June 2004 (5)
520 _aA package of new rights for owners of period property, including statutory consultation and a new right of appeal has been announced by the heritage minister. A "Register of historic sites and buildings of England" will also be created. This will include all protected buildings, monuments, parks, gardens and battlefields. Over 500 people and organisations were involved in the public consultation. Further information and links to relevant documents can be found at http://www.culture.gov.uk/global/publications/arch ive_2004/review_heritage_protection.htm. http://www.culture.gov.uk/global/press_notices/arc hive_2004/dcms081_2004.htm
590 _aWB
590 _aWB
650 _aLISTED BUILDINGS
650 _aHERITAGE
650 _aHISTORIC SITES
650 _aPERIOD PROPERTY
690 _aBUILDING CONSERVATION
942 _n0
999 _c117604
_d117604